Defective insurance? (Record no. 70164)

MARC details
000 -LEADER
fixed length control field 00830cam a2200205 4500
001 - CONTROL NUMBER
control field ABS65399
008 - FIXED-LENGTH DATA ELEMENTS--GENERAL INFORMATION
fixed length control field 020507n2002 000 0 eng u
035 ## - SYSTEM CONTROL NUMBER
System control number (Sirsi) u117836
100 ## - MAIN ENTRY--PERSONAL NAME
Personal name Corkum, K
245 ## - TITLE STATEMENT
Title Defective insurance?
260 ## - PUBLICATION, DISTRIBUTION, ETC.
Date of publication, distribution, etc. 2002
490 ## - SERIES STATEMENT
Series statement Estates Gazette
Volume/sequential designation (0215) 13 April 2002, 130(1)
520 ## - SUMMARY, ETC.
Summary, etc. Looks at use of defects insurance solution in lease negotiation when parties cannot agree allocation of repairing liability. Recommends landlords offering defects insurance as tenant incentive, involve insurers from outset. Also tenants must examine matrix of policy and lease to assess value of incentive. Warns caution as may not be ideal solution.
590 ## - LOCAL NOTE (RLIN)
Local note ABS
650 ## - SUBJECT ADDED ENTRY--TOPICAL TERM
Topical term or geographic name entry element DEFECTS
650 ## - SUBJECT ADDED ENTRY--TOPICAL TERM
Topical term or geographic name entry element LEASE NEGOTIATIONS
690 ## - LOCAL SUBJECT ADDED ENTRY--TOPICAL TERM (OCLC, RLIN)
Topical term or geographic name as entry element INSURANCE
9 (RLIN) 6249
700 ## - ADDED ENTRY--PERSONAL NAME
Personal name Minogue, A
942 ## - ADDED ENTRY ELEMENTS (KOHA)
Suppress in OPAC 0
Holdings
Withdrawn status Lost status Source of classification or shelving scheme Damaged status Not for loan Home library Current library Shelving location Date acquired Total Checkouts Full call number Barcode Date last seen Copy number Price effective from Koha item type
    Dewey Decimal Classification     London London Journal article 07/05/2002   ABS65399 117836-1001 06/08/2019 1 06/08/2019 Journal article